Statistics for All Red NBA Teams Quiz

Click here to take the quiz!

General Stats

  • This quiz has been taken 42 times
  • The average score is 4 of 8

Answer Stats

HintAnswer% Correct
1Bulls
97%
8Heat
65%
4Rockets
65%
3Raptors
61%
6Hawks
52%
2Trailblazers
42%
7Cavaliers
29%
5Wizards
23%

Score Distribution

Percentile by Number Answered

Percent of People with Each Score

Your Score History

You have not taken this quiz